00000000nam 2200000zi 4500
0019.913831
003CaOODSP
00520240508105602
006m     o  d f      
007cr mn|||||||||
008220727t20232023oncd    ob   f000 0 eng d
020 |a9780660447438
040 |aCaOODSP|beng|erda|cCaOODSP
043 |an-cn---
0861 |aCS91-620/2022-1E-PDF
24500|aPopulation projections for Canada (2021 to 2068), provinces and territories (2021 to 2043) : |btechnical report on methodology and assumptions.
264 1|a[Ottawa] : |bStatistics Canada = Statistique Canada, |c2023.
264 4|c©2023
300 |a1 online resource (24 pages) : |bgraphs
336 |atext|btxt|2rdacontent
337 |acomputer|bc|2rdamedia
338 |aonline resource|bcr|2rdacarrier
500 |aIssued also in French under title: Projections démographiques pour le Canada (2021 à 2068), les provinces et les territoires (2021 à 2043) : rapport technique sur la méthodologie et les hypothèses.
500 |a"Release date: April 27, 2023."
504 |aIncludes bibliographical references.
650 0|aPopulation forecasting|zCanada|xStatistical methods.
651 0|aCanada|xPopulation|xStatistical methods.
7102 |aStatistics Canada, |eissuing body.
77508|tProjections démographiques pour le Canada (2021 à 2068), les provinces et les territoires (2021 à 2043) : |w(CaOODSP)9.913832
794 |tPopulation projections for Canada (2023 to 2073), provinces and territories (2023 to 2048) : |w(CaOODSP)9.937943
795 |tPopulation projections for Canada (2018 to 2068), provinces and territories (2018 to 2043) : |w(CaOODSP)9.874526
85640|qPDF|s915 KB|uhttps://publications.gc.ca/collections/collection_2023/statcan/91-620-x2022001-eng.pdf
8564 |qHTML|sN/A|uhttps://www150.statcan.gc.ca/n1/pub/91-620-x/91-620-x2022001-eng.htm